Animaux - lettre O - Statistiques

Statistiques générales
  • Ce quiz a été pris 120 fois
  • Le résultat moyen est 9 sur 20
Statistiques - réponses
Par images Réponse % Correct
Otarie
94%
Ours
94%
Orque
89%
Oursin
84%
Oie
81%
Orang outan
81%
Ornithorynque
75%
Ocelot
55%
Opossum
45%
Orignal
41%
Orvet
40%
Ouistiti
35%
Oryx
31%
Onagre
17%
Outarde
14%
Oryctérope
12%
Ophiure
5%
Oréotrague
5%
Otocyon
5%
Ouakari
5%
Aucun quiz correspondant
Distribution des résultats
% des personnes avec chaque résultat
Percentile par nombre de réponses
Votre historique - résultats
Vous n’avez pas pris ce quiz